000 01347nam a2200265Ia 4500
008 0000002009 sp ad 0000000000mul00
090 _aPSP00 P14j
100 1 _aPagel, David
245 1 3 _aJuan Uslé
_b: malatadas
_c/ texto de David Pagel traducción Elena Escrihuela ; fotografías Oronoz, Juan Uslé
300 _a47 p.
_c/ 28 cm.
500 _aExposición realizada en Galería Soledad Lorenzo, Madrid, abril 23 junio 11, 2009 \ Incluye cronología del artista \ Texto bilingue: español inglés
501 _aDando color en las líneas = Coloring in the lines / David Pagel
505 _aOBRAS : Rubicón Light years apart En medio del ruido Espía de palabras Derrame en pliegues Las navajas Perdida en Bogotá Sinuoso Niño negro El gran patinador Caperucita escondida Malatadas Bonjour monseur Nemo Cuidado que nos miran Roomates El granuja Cortavientos
600 0 0 _aUSLE, JUAN, 1954/
_xTRABAJOS PICTORICOS
650 1 4 _aARTE CONTEMPORANEO ESPAÑOL
650 1 4 _aARTISTAS PLASTICOS ESPAÑOLES EXPOSIONES
650 1 4 _xCATALOGOS
650 1 4 _aCOLOR EN EL ARTE
650 1 4 _xEXPOSICIONES
650 1 4 _aPINTORES ESPAÑOLES
650 1 4 _aPINTURA ABSTRACTA
650 1 4 _aPINTURA ESPAÑOLA
700 1 _aEscrihuela, Elena \ Oronos
999 _c13278
_d13278
260 _aMadrid : Galería Soledad Lorenzo
_c2009